• 首页
  • 本馆介绍
  • 公告通知
  • 最新文献
  • 馆藏检索
  • 电子资源
  • 读者导购
  • 参考咨询
  • 我的图书馆
  • 登录
  • 详细信息显示
  • 放入我的书架
  • 预约/预借图书
  • 作者相关作品
  • 分类相关作品
  • 丛书相关作品
  • 出版社相关作品

书目信息

  • 表格格式
  • 工作单格式
  • 卡片格式
题名:
园丁画集
    
 
作者: 杜之逵 主编
分册:  
出版信息: 石家庄   河北美术出版社  1992.9
页数: 80页
开本: 26cm
丛书名:
单 册:
中图分类: J221 , J22
科图分类:
主题词: 美术--作品--中国--现代--画册 , 美术
电子资源:
ISBN: 7-5310-0521-2
000 00727nam0 2200253 450
001 1549340904
005 20150131134352.32
010    @a7-5310-0521-2@dCNY19.10
100    @a19930201d1992 em y0chiy0110 ea
101 0  @achi
102    @aCN@b130000
105    @aa z 000yy
200 1  @a园丁画集@9yuan ding hua ji@f杜之逵主编
210    @a石家庄@c河北美术出版社@d1992.9
215    @a80页@c图@d26cm
314    @a杜之逵,中国美术教育研究会理事、河北师范学院美术系教授
330    @a本书选入中小学美术教师的作品313幅。
606 0  @a美术@x作品@y中国@z现代@x画册
606 0  @a美术
690    @aJ221@v三版
690    @aJ22@v4
701  0 @a杜之逵@9du zhi kui@4主编
801  0 @aCN@bTSSF@c20150131
905    @aZUCC@dJ22@eJY1
    
    园丁画集/杜之逵主编.-石家庄:河北美术出版社,1992.9
    80页:图;26cm
    
    
    ISBN 7-5310-0521-2:CNY19.10
    本书选入中小学美术教师的作品313幅。
●
相关链接 在E读中查询图书 在五车中查询图书 在当当中查询图书 在豆瓣中查询图书


正题名:园丁画集     索取号:J22/JY1         预约/预借

序号 登录号 条形码 馆藏地/架位号 状态 备注
1 7862242   278622420   学院路分馆/ [索取号:J22/JY1] 在馆    
2 7862243   278622439   学院路分馆/ [索取号:J22/JY1] 在馆    
3 7862244   278622448   学院路分馆/ [索取号:J22/JY1] 在馆    
4 7862245   278622457   学院路分馆/ [索取号:J22/JY1] 在馆    
5 7862246   278622466   学院路分馆/ [索取号:J22/JY1] 在馆    
6 7862247   278622475   学院路分馆/ [索取号:J22/JY1] 在馆    
7 7862248   278622484   学院路分馆/ [索取号:J22/JY1] 在馆    
8 7862249   278622493   学院路分馆/ [索取号:J22/JY1] 在馆    
9 7862250   278622509   学院路分馆/ [索取号:J22/JY1] 在馆    
唐山师范学院图书馆 欢迎您!
大连网信软件有限公司© 版权所有